000 00392nam a2200133Ia 4500
008 211119s9999||||xx |||||||||||||| ||und||
082 _a920
_bMUK-A
100 _aMukundan, M
245 0 _aAnubhavam Orma Yathra
260 _bOlive Publications
_aKozhikode
_c2014
300 _a185p.
650 _aHistory & geography
_vBiography, genealogy & insigniaGeneralia
_xGeneral stack
942 _cBOOK
999 _c119991
_d119991